000 00711cam a22002413a 4500
001 5048
003 PGUSA
005 20140828083113.0
008 040201s2004||||xxu|||||s|||||000 | eng d
040 _aPGUSA
_beng
042 _adc
050 4 _aJ
100 1 _aClinton, Bill,
_d1946-
245 1 0 _aState of the Union Addresses
_h[electronic resource] /
_cBill Clinton
260 _bProject Gutenberg,
_c2004
506 _aPublic domain in the USA.
516 _aElectronic text
653 _aUnited States -- Politics and government -- Sources
653 _aPresidents -- United States -- Messages
830 0 _aProject Gutenberg
_v5048
856 4 0 _uhttp://www.gutenberg.org/ebooks/5048
942 _cEB
999 _c234377
_d234377